|
|
|
|
| LEADER |
01195nam a2200301 a 4500 |
| 001 |
4962918 |
| 008 |
091027s1998 mau 001 0 eng d |
| 010 |
|
|
|a \\\97025762
|
| 020 |
|
|
|a 0256197164 (acid-free paper)
|
| 040 |
|
|
|a DLC
|c DLC
|d DLC
|
| 082 |
0 |
0 |
|a 346.7307
|2 21
|
| 245 |
0 |
0 |
|a Business law and the regulatory environment :
|b concepts and cases.
|
| 250 |
|
|
|a 10th ed. /
|b Jane P. Mallor ... [et al.].
|
| 260 |
|
|
|a Boston :
|b Irwin/McGraw-Hill,
|c c1998.
|
| 300 |
|
|
|a xxxii, 1213, A2-10, B1-113, G1-26, I1-12 p. ;
|c 26 cm.
|
| 490 |
0 |
|
|a Irwin/McGraw-Hill legal studies in business series
|
| 504 |
|
|
|a Includes index.
|
| 541 |
1 |
|
|e 00010176
|
| 650 |
|
0 |
|a Commercial law
|z United States
|x Cases.
|
| 650 |
|
0 |
|a Commercial law
|z United States.
|
| 700 |
1 |
|
|a Mallor, Jane P.
|
| 700 |
1 |
|
|a Barnes, A. James.
|
| 700 |
1 |
|
|a Bowers, Thomas.
|
| 700 |
1 |
|
|a Phillips, Michael J.
|
| 700 |
1 |
|
|a Langvardt, Arlen W.
|
| 852 |
4 |
|
|a Ayesha Abed Library
|j General shelf
|
| 999 |
|
|
|c 4871
|d 4871
|
| 952 |
|
|
|0 0
|1 0
|2 ddc
|4 0
|6 346_730700000000000_BUS_1998
|7 0
|9 4693
|a BRACUL
|b BRACUL
|c GEN
|d 2009-10-27
|g 0.00
|l 5
|m 64
|o 346.7307 BUS
|p 3010010176
|r 2023-08-05
|s 2023-05-29
|t 1
|w 2009-10-27
|y BK
|x No price found in the accession register.
|